| 000 | 01392nam a2200229Ia 4500 | ||
|---|---|---|---|
| 999 |
_c36481 _d36481 |
||
| 001 | 2399 | ||
| 003 | GE_BSU | ||
| 005 | 20190521180356.0 | ||
| 008 | 181216s1990||||ge |||||||||||||| ||geo|| | ||
| 020 | _a5520007881 | ||
| 040 | _cGE_BSU | ||
| 080 | _a94(479.22)+913.1(479.22) ბ–57 | ||
| 100 |
_aბერძენიშვილი, ნ. _91469 |
||
| 245 |
_aსაქართველოს ისტორიის საკითხები : _bმასალები საქართველოს ისტორიის გეოგრაფიისათვის / _cნიკო ბერძენიშვილი ; საქართველოს სსრ მეცნიერებათა აკადემია ; ივანე ჯავახიშვილის სახელობის ისტორიის არქეოლოგიისა და ეთნოგრაფიის ინსტიტუტი ; [რედ. დ. ბერძენიშვილი |
||
| 250 | _aმე-2 გამოცემა | ||
| 264 |
_aთბილისი : _bმეცნიერება, _c1990. |
||
| 300 | _a692 გვ.; | ||
| 653 | _aისტორია | ||
| 653 | _aსაქართველოს ისტორია | ||
| 700 |
_aბერძენიშვილი, დ. _eრედაქტორი _91470 |
||
| 942 |
_cBK _2udc |
||